| 000 | 00819nas a2200289 4500 | ||
|---|---|---|---|
| 001 | BR0810142 | ||
| 003 | BR-BrBNA | ||
| 005 | 20231205112917.0 | ||
| 007 | ta | ||
| 008 | 230509b bl.|||p| |||| 00| 00por d | ||
| 040 |
_aBR-BrBNA _bpor _cBiblioteca Nacional de Agricultura |
||
| 041 | _a(Pt) | ||
| 072 | _aE71 | ||
| 100 | 1 | _aAlvim, A.M. | |
| 100 | 1 | _aWaquil, P.D. | |
| 245 | 1 | _aEfeitos do acordo entre o Mercosul e a União Européia sobre os mercados de grãos. | |
| 650 | _aMERCOSUL | ||
| 650 | _aGRÃO | ||
| 650 | _aGATT | ||
| 650 | _aARROZ | ||
| 650 | _aMILHO | ||
| 650 | _aSOJA | ||
| 650 | _aTRIGO | ||
| 773 | 0 |
_tRevista de Economia e Sociologia Rural (Brazil) _xISSN 0103-2003 _g(Oct- Dec 2005), v. 43(4) p. 703-723 _wBR0810142 |
|
| 909 |
_a202311 _bLúcia _c55 _dLúcia Elande |
||
| 942 |
_2AGRIS _n0 _cANA |
||
| 999 |
_c200742 _d200742 |
||